| 000 | 00495nam a22001817a 4500 | ||
|---|---|---|---|
| 999 |
_c257731 _d257730 |
||
| 003 | OSt | ||
| 005 | 20190912162606.0 | ||
| 008 | 190912b xxu||||| |||| 00| 0 eng d | ||
| 010 | _a98981033 | ||
| 020 | _a9966464077 | ||
| 040 | _cn/a | ||
| 050 |
_aGR356.42 _b.E45 S95 1997 |
||
| 100 | _aChesaina, Ciarunji. | ||
| 245 | _aOral literature of the Embu and Mbeere | ||
| 260 |
_aNairobi : _b East African Educational Publishers, _c1997. |
||
| 300 |
_axiii, 211 p. _c ; 21 cm. |
||
| 942 |
_2lcc _cSB |
||